000 00437nam a22001697a 4500
003 OSt
005 20220405105635.0
008 220405b |||||||| |||| 00| 0 eng d
020 _a9788120340923
040 _cHU
082 _a620.1064
100 _aPersen N. Lelf
_935157
245 _aA Pragmatic Approach To Turbulence A Short Course In Fluid Mechanics
260 _aNew Delhi
_bNew Delhi
300 _f256
942 _2ddc
_cBOOKS
_n0
999 _c34342
_d34342